=LDR 00000nam 2200000 4500 =001 INLIS000000000030391 =005 20130612132535 =008 ***********************************Ind** =035 ##$$0010-061300000030391 =041 ##$$a Ind =082 ##$$a 372.4 =090 ##$$a 372.4, Kli t =100 ##$$a Klinken, Hlelene Van =245 ##$$a Takut, Indonesia - Inggris, Helene Van Klinken =260 ##$$a 1994 $b Jogjakarta =300 ##$$a 16 hlm, ilus, 17 cm =650 ##$$a Takut =850 ##$$a NBPNMAT